Physical testing of rubber. Part A 21.Determination ofrubber to metal bond strength. section 21.1. Adhesion to rigid substrates-90degree peel method (Record no. 73961)

MARC details
000 -LEADER
fixed length control field 00525nam a2200133Ia 4500
245 #0 - TITLE STATEMENT
Title Physical testing of rubber. Part A 21.Determination ofrubber to metal bond strength. section 21.1. Adhesion to rigid substrates-90degree peel method
260 ## - PUBLICATION, DISTRIBUTION, ETC. (IMPRINT)
Place of publication UK
260 ## - PUBLICATION, DISTRIBUTION, ETC. (IMPRINT)
Year of publication 1997
Name of publisher International Organisation for Standards
490 ## - SERIES STATEMENT
Series statement British standard
500 ## - GENERAL NOTE
General note Standard number: IS 903 (Part A21)
650 ## - SUBJECT ADDED ENTRY--TOPICAL TERM
Topical Term Rubber physical testing, adhesion rigid substrates
942 ## - ADDED ENTRY ELEMENTS (KOHA)
Koha item type Standards
Holdings
Withdrawn status Lost status Damaged status Not for loan Home library Current library Date acquired Koha item type
      Standards RRII Library RRII Library 31/12/2021 Standards